[Event "NRW-Klasse, Gruppe 3"]
[Site "?"]
[Date "2022.05.22"]
[Round "9.3"]
[White "Raasch, Joerg"]
[Black "Reuter, Julian-Frank"]
[Result "1-0"]
[WhiteElo "2288"]
[BlackElo "1849"]
[PlyCount "189"]
[EventDate "2022.??.??"]
[SourceVersionDate "2020.03.16"]
[WhiteTeam "Klub Kölner SF 2"]
[BlackTeam "Krefelder SK Turm 2"]

1. d4 d5 2. Nc3 Nf6 3. Bf4 e6 4. e3 Bb4 5. Bd3 c5 6. dxc5 Nbd7 7. Nge2 Nxc5 8.
O-O O-O 9. a3 Nxd3 10. Qxd3 Bd6 11. Bxd6 Qxd6 12. e4 Rd8 13. exd5 exd5 14. Nd4
Ng4 15. Qg3 Qxg3 16. fxg3 Be6 17. Rfe1 Rac8 18. Rad1 Nf6 19. Nce2 Bd7 20. h3
Bc6 21. Nf4 Re8 22. c3 Kf8 23. Kf2 Nd7 24. Rxe8+ Rxe8 25. Nf5 Nb6 26. Ne3 g5
27. Nfxd5 Bxd5 28. Nxd5 Nc4 29. b3 Nxa3 30. Ra1 Nb5 31. c4 Nd4 32. Rxa7 Nxb3
33. Rxb7 Nc5 34. Rb1 Nd3+ 35. Kf1 Ra8 36. Ne3 Ra2 37. Rd1 Ne5 38. h4 Ra3 39.
Nf5 Rd3 40. Rxd3 Nxd3 41. hxg5 Nc5 42. Ke2 Ke8 43. Kf3 Kd7 44. Nd4 Kd6 45. Kf4
Nd7 46. Nb3 Ke6 47. Nd2 f6 48. Ne4 f5 49. Nf6 Ne5 50. Nxh7 Nxc4 51. Nf8+ Kf7
52. Nd7 Kg6 53. Nc5 Nb6 54. Ne6 Nd5+ 55. Kf3 Nc3 56. g4 fxg4+ 57. Kxg4 Nd1 58.
Nf4+ Kg7 59. g6 Kh6 60. Kh4 Ne3 61. g4 Nc4 62. g5+ Kg7 63. Kh5 Ne5 64. Ne6+ Kg8
65. g7 Kh7 66. Kh4 Kg8 67. Kg3 Kf7 68. Kf4 Ng6+ 69. Ke4 Ne7 70. Ke5 Ng6+ 71.
Kd6 Nh4 {(=)} 72. Kd5 Nf5 73. g6+ Kg8 74. Ke5 Nxg7 75. Nd4 Nh5 76. Nf5 Ng7 77.
Ng3 Ne8 78. Kf5 Ng7+ 79. Kf6 Ne8+ 80. Kg5 Ng7 81. Ne4 Ne6+ 82. Kh6 Ng7 83. Nf6+
Kh8 84. Nd5 Ne6 85. Ne7 Ng7 86. Kg5 Ne6+ 87. Kf6 Ng7 88. Kf7 Nh5 89. Nf5 Ng7
90. Nh6 Nf5 91. Ng4 Nh6+ 92. Kf8 Nf5 93. Ne5 Nh6 94. Nf7+ Nxf7 95. gxf7 1-0

[Event "NRW-Klasse, Grußße 3"]
[Site "?"]
[Date "2022.05.22"]
[Round "9.4"]
[White "van Ael, Bert"]
[Black "Langner, Jasper"]
[Result "1/2-1/2"]
[WhiteElo "1890"]
[BlackElo "1986"]
[PlyCount "71"]
[EventDate "2022.??.??"]
[SourceVersionDate "2020.03.16"]
[WhiteTeam "Krefelder SK Turm 2"]
[BlackTeam "Klub Kölner SF 2"]

1. d4 d5 2. Nf3 e6 3. Bf4 Bd6 4. Bg3 Nf6 5. e3 O-O 6. Bd3 c5 7. c3 Qc7 8. Nbd2
Nbd7 9. O-O Bxg3 10. hxg3 e5 11. dxe5 Nxe5 12. Nxe5 Qxe5 13. Re1 Bf5 14. Nf3
Qe6 15. Bxf5 Qxf5 16. Nh4 Qe6 17. Qf3 Rad8 18. Rad1 Rd7 19. a3 Rfd8 20. Qf5
Qxf5 21. Nxf5 g6 22. Nh4 Ne4 23. Nf3 f6 24. Kf1 Kf7 25. Ke2 h5 26. Rd3 {(=)} a5
27. Rdd1 d4 28. Nd2 Nxd2 29. Rxd2 Ke6 30. Red1 f5 31. Kf3 g5 32. Rh1 Rh8 33.
Rhd1 Rhd8 34. Rh1 Rh8 35. Rhd1 Rhd8 36. Rh1 1/2-1/2

[Event "NRW-Klasse, Gruppe 3"]
[Site "?"]
[Date "2022.05.22"]
[Round "9.5"]
[White "Pragua, Christoph"]
[Black "Komans, Dieter"]
[Result "1-0"]
[WhiteElo "2077"]
[BlackElo "1951"]
[PlyCount "67"]
[EventDate "2022.??.??"]
[SourceVersionDate "2020.03.16"]
[WhiteTeam "Klub Kölner SF 2"]
[BlackTeam "Krefelder SK Turm 2"]

1. d4 d5 2. Nf3 Nf6 3. c4 e6 4. Nc3 Be7 5. Bg5 c6 6. e3 Nbd7 7. Bd3 Ne4 8. Bxe7
Qxe7 9. Bxe4 dxe4 10. Nxe4 f5 11. Ned2 e5 12. dxe5 O-O 13. Qc2 Nc5 14. O-O a5
15. b3 Ra6 16. Rab1 f4 17. Rbe1 Bf5 18. e4 Bg4 19. Qc3 Rd8 20. Rb1 Rd3 21. Qc2
Bxf3 22. Nxf3 Rxf3 23. gxf3 Qg5+ 24. Kh1 Qh5 25. Qe2 Ne6 26. c5 Nd4 27. Qc4+
Kf8 28. Rg1 Nxf3 29. Rg2 Nd2 30. Qd3 Nxb1 31. Qxb1 Qf3 32. e6 Ra8 33. Qa1 Ke8
34. Qxg7 1-0

[Event "NRW-Klasse, Gruppe 3"]
[Site "?"]
[Date "2022.05.22"]
[Round "9.6"]
[White "Panjer, Sydney"]
[Black "Klemenz, Luca"]
[Result "1/2-1/2"]
[WhiteElo "2043"]
[BlackElo "1850"]
[PlyCount "44"]
[EventDate "2022.??.??"]
[SourceVersionDate "2020.03.16"]
[WhiteTeam "Krefelder SK Turm 2"]
[BlackTeam "Klub Kölne SF 2"]

1. Nf3 d5 2. d4 Nf6 3. c4 e6 4. g3 Be7 5. Bg2 O-O 6. O-O dxc4 7. Qa4 a6 8. Qxc4
b5 9. Qc2 Bb7 10. Bg5 Nbd7 11. Bxf6 Nxf6 12. Nbd2 Rc8 13. Nb3 c5 14. dxc5 Ne4
15. Rfd1 Qc7 16. c6 Qxc6 17. Qxc6 Bxc6 18. Ne5 Bd5 19. Nd7 Rfe8 20. Nb6 Rc2 21.
Nxd5 exd5 22. Rxd5 Bf8 1/2-1/2

[Event "NRW-Klasse, Gruppe 3"]
[Site "?"]
[Date "2022.05.22"]
[Round "9.7"]
[White "Goldenstein, Arnd"]
[Black "Schneiderwind, Ralf"]
[Result "1-0"]
[WhiteElo "1891"]
[BlackElo "1827"]
[PlyCount "97"]
[EventDate "2022.??.??"]
[SourceVersionDate "2020.03.16"]
[WhiteTeam "Klub Kölner SF 2"]
[BlackTeam "Krefelder SK Turm 2"]

1. d4 Nf6 2. c4 e6 3. Nc3 Bb4 4. e3 O-O 5. Bd3 d5 6. cxd5 exd5 7. Nge2 b6 8.
O-O Re8 9. a3 Bd6 10. Ng3 Ba6 11. Bxa6 Nxa6 12. Qe2 Nb8 13. Nf5 Bf8 14. b4 c6
15. Bb2 Nbd7 16. Rad1 b5 17. f3 Nb6 18. e4 Nc4 19. e5 Nd7 20. Ne3 Ndb6 21. Bc1
Nxe3 22. Qxe3 Nc4 23. Qd3 a5 24. Na2 Qb6 25. f4 axb4 26. Nxb4 Ra4 27. Nc2 Qa7
28. Kh1 Nxa3 29. Nxa3 Bxa3 30. Bxa3 Rxa3 31. Qc2 Qd7 32. f5 Rea8 33. f6 Ra2 34.
Qc1 Qg4 35. Rd2 Rxd2 36. Qxd2 Ra4 37. Qc3 Rc4 38. Qa5 h6 39. Qd8+ Kh7 40. fxg7
Qxg7 41. Qd7 Kg8 42. e6 fxe6 43. Qe8+ Kh7 44. h3 Qg5 45. Rf7+ Kg6 46. Rf8+ Kh7
47. Rh8+ Kg7 48. Rg8+ Kh7 49. Qf7+ 1-0

[Event "NRW-Klasse, Gruppe 3"]
[Site "?"]
[Date "2022.05.22"]
[Round "9.8"]
[White "Arning, Peter"]
[Black "Hendrix, Joachim"]
[Result "0-1"]
[WhiteElo "1839"]
[BlackElo "1919"]
[PlyCount "56"]
[EventDate "2022.??.??"]
[SourceVersionDate "2020.03.16"]
[WhiteTeam "Krefelder SK Turm 2"]
[BlackTeam "Klub Kölner SF 2"]

1. Nf3 g6 2. g3 d6 3. Bg2 e5 4. e4 Bg7 5. O-O c5 6. c3 Nc6 7. d3 Nf6 8. d4 cxd4
9. cxd4 Bg4 10. Qa4 Bxf3 11. Bxf3 exd4 12. Na3 O-O 13. Nc2 Nd7 14. Rb1 Nc5 15.
Qa3 d3 16. Ne1 Nd4 17. b4 Nb5 18. Qa5 Qxa5 19. bxa5 Nc3 20. Rb2 Ne2+ 21. Rxe2
dxe2 22. Bxe2 Nxe4 23. a6 b6 24. Bf3 d5 25. Nd3 Rad8 26. Nb4 Nc3 27. Ba3 Rfe8
28. Rc1 Nb5 0-1

[Event "SK Turm Euskirchen 1 - SC Bonn Beuel 1"]
[Site "NRW-Klasse - Gruppe 4 2021/20"]
[Date "2021.11.07"]
[Round "1.1"]
[White "Haag, Martin"]
[Black "Vandenbergen, Nicolas"]
[Result "1-0"]
[WhiteElo "2214"]
[BlackElo "2132"]
[PlyCount "127"]
[EventDate "2021.??.??"]
[SourceVersionDate "2020.03.16"]
[WhiteTeam "SC Bonn Beuel 1"]
[BlackTeam "SK Turm Euskirchen 1"]

1. c4 e5 2. Nc3 Nc6 3. g3 g6 4. Bg2 Bg7 5. e4 d6 6. d3 Nge7 7. Nge2 O-O 8. O-O
Nd4 9. Nxd4 exd4 10. Ne2 Be6 11. Nf4 Bd7 12. Bd2 Nc6 13. b4 Ne5 14. Qb3 c6 15.
Rad1 a6 16. a4 Qc7 17. h3 Rfe8 18. Ne2 c5 19. b5 axb5 20. axb5 f5 21. Nf4 fxe4
22. Bxe4 Qc8 23. h4 Bh3 24. Nxh3 Qxh3 25. Bg2 Qd7 26. Bf4 Ra5 27. Bxe5 Bxe5 28.
Ra1 Rea8 29. Rxa5 Rxa5 30. Qd1 Ra3 31. Qf3 Kg7 32. Rd1 b6 33. Qe4 Ra2 34. Re1
Rd2 35. Re2 Rd1+ 36. Re1 Rxe1+ 37. Qxe1 Qf5 38. Qe2 Kf8 39. Bc6 Qh3 40. Be4 Kg7
41. Qf3 Qd7 42. Kg2 Bf6 43. Qe2 Qe8 44. Qg4 h5 45. Qd1 Qd7 46. Qa1 Bd8 47. Qa8
Bxh4 48. gxh4 Qg4+ 49. Kh2 Qxh4+ 50. Kg1 Qg5+ 51. Bg2 Qc1+ 52. Bf1 Qg5+ 53. Qg2
Qf5 54. Qg3 d5 55. cxd5 Qxd5 56. Bg2 Qe6 57. Qc7+ Kh6 58. Qf4+ Kg7 59. Be4 Qe7
60. Qg3 Qf6 61. f4 Kh6 62. Kh2 Kh7 63. Qg5 Qd6 64. Qxh5+ 1-0

[Event "SK Turm Euskirchen 1 - SC Bonn Beuel 1"]
[Site "NRW-Klasse - Gruppe 4 2021/20"]
[Date "2021.11.07"]
[Round "1.2"]
[White "Herzwurm, Robert"]
[Black "Hoppe, Thilo"]
[Result "1-0"]
[WhiteElo "1999"]
[BlackElo "2136"]
[PlyCount "175"]
[EventDate "2021.??.??"]
[SourceVersionDate "2020.03.16"]
[WhiteTeam "SK Turm Euskirchen 1"]
[BlackTeam "SC Bonn Beuel 1"]

1. e4 e6 2. d4 d5 3. e5 c5 4. c3 Nc6 5. Nf3 Bd7 6. Bd3 cxd4 7. cxd4 Qb6 8. O-O
Nxd4 9. Nbd2 Bc5 10. Nxd4 Bxd4 11. Nf3 Ne7 12. Qe2 Nc6 13. Rd1 Bc5 14. Bf4 Nb4
15. Bb1 Bb5 16. Qd2 a5 17. a3 Nc6 18. Bc2 Bc4 19. b3 Bxb3 20. Bxb3 Qxb3 21.
Rdc1 b6 22. Rc3 Qa4 23. Rac1 Ne7 24. Be3 d4 25. Nxd4 Nd5 26. Rd3 Rd8 27. Rd1
Bxd4 28. Bxd4 Rc8 29. Bxb6 O-O 30. Qxa5 Nxb6 31. Qxb6 Qe4 32. Qe3 Qf5 33. h3
Rc4 34. Rd4 Rc5 35. f4 Rc2 36. Qd3 Qxd3 37. R1xd3 g6 38. Rd7 Ra2 39. Rd8 Kg7
40. Rxf8 Kxf8 41. h4 h5 42. g3 Ke7 43. Kf1 f6 44. exf6+ Kxf6 45. Re3 Rd2 46.
Ke1 Rd4 47. Ke2 Rd8 48. a4 Ra8 49. Ra3 e5 50. fxe5+ Kxe5 51. Kd3 Kd5 52. a5 Ra6
53. Kc3 Kc5 54. Ra1 Kb5 55. Kd4 Kc6 56. Kc4 Kb7 57. Rb1+ Kc7 58. Rb5 Re6 59.
Kd4 Rd6+ 60. Ke4 Rc6 61. Rb6 Rc4+ 62. Kf3 Rg4 63. Rf6 g5 64. hxg5 Rxg5 65. a6
Kb8 66. Rf7 Ka8 67. Rh7 Ra5 68. a7 Rg5 69. Kg2 Ra5 70. Kh3 Rg5 71. Kg2 Ra5 72.
Rg7 Ra2+ 73. Kh3 Ra1 74. Rh7 Ra5 75. Kh4 Ra3 76. Rxh5 Kxa7 77. g4 Kb6 78. Rd5
Kc6 79. Rd2 Ra5 80. g5 Ra1 81. Kh5 Rh1+ 82. Kg6 Rg1 83. Kf6 Rf1+ 84. Kg7 Rg1
85. g6 Rf1 86. Kg8 Rg1 87. g7 Rf1 88. Rh2 1-0

[Event "SK Turm Euskirchen 1 - SC Bonn Beuel 1"]
[Site "NRW-Klasse - Gruppe 4 2021/20"]
[Date "2021.11.07"]
[Round "1.3"]
[White "Lorenz, Roger"]
[Black "Brinkmann, Sven"]
[Result "1-0"]
[WhiteElo "2136"]
[BlackElo "2002"]
[PlyCount "63"]
[EventDate "2021.??.??"]
[SourceVersionDate "2020.03.16"]
[WhiteTeam "SC Bonn Beuel 1"]
[BlackTeam "SK Turm Euskirchen 1"]

1. d4 Nf6 2. c4 e6 3. Nc3 d5 4. cxd5 exd5 5. Bg5 c6 6. Qc2 Bg4 7. e3 Bd6 8. Bd3
Nbd7 9. f3 Bh5 10. Nge2 Bg6 11. e4 dxe4 12. fxe4 Be7 13. O-O O-O 14. h3 c5 15.
d5 Nxd5 16. Bxe7 Nxe7 17. Nf4 Qc7 18. Bc4 Nb6 19. Nxg6 Nxg6 20. Nd5 Nxd5 21.
Bxd5 Rac8 22. Qb3 b6 23. Rac1 Ne5 24. Qg3 Qe7 25. Rf5 Ng6 26. Rcf1 Qc7 27. e5
Qd7 28. Bxf7+ Rxf7 29. Rxf7 Qxf7 30. Rxf7 Kxf7 31. Qf3+ Ke6 32. Qg4+ 1-0

[Event "SK Turm Euskirchen 1 - SC Bonn Beuel 1"]
[Site "NRW-Klasse - Gruppe 4 2021/20"]
[Date "2021.11.07"]
[Round "1.4"]
[White "Viganske, Christian"]
[Black "Decker, Nils"]
[Result "1-0"]
[WhiteElo "2020"]
[BlackElo "2117"]
[Annotator "daniel"]
[PlyCount "131"]
[EventDate "2021.??.??"]
[SourceVersionDate "2020.03.16"]
[WhiteTeam "SK Turm Euskirchen 1"]
[BlackTeam "SC Bonn Beuel 1"]

1. e4 d6 2. d4 Nf6 3. Nc3 e5 4. f3 exd4 5. Qxd4 a6 6. Be3 Nc6 7. Qd2 Be7 8. Bc4
O-O 9. Nge2 Na5 10. Bb3 c5 11. Nd5 Nxd5 12. Bxd5 Be6 13. Nf4 Bxd5 14. Qxd5 b5
15. b3 Re8 16. Rd1 Bf8 17. O-O Qc7 18. Qh5 Nb7 19. Nd5 Qa5 $11 20. Qg4 Re6 21.
f4 h5 22. Qxh5 Rae8 23. Rf3 Rh6 24. Qg4 Rxe4 25. Qd7 Nd8 26. f5 Rh5 27. Rg3 Kh7
28. b4 Rxb4 29. Nxb4 cxb4 30. Qe8 Kg8 31. Bd4 Rh7 32. Bf6 Qb6+ 33. Kh1 Nc6 34.
Rf1 d5 35. Rff3 Qc5 36. c3 Qd6 37. Bd4 bxc3 38. Bxc3 d4 39. Bd2 Qf6 40. Bg5 Qe5
41. Qxe5 Nxe5 42. Rf4 Rh5 43. Bf6 Bd6 44. Rxg7+ Kf8 45. g4 Rxh2+ 46. Kxh2 Nd7
47. Bxd4 Bxf4+ 48. Kg2 Be3 49. Ba1 Bd2 50. Rh7 a5 51. f6 Ke8 52. Rh5 Kd8 53.
Rxb5 Kc7 54. Rd5 Be1 55. Bd4 Kc6 56. Rf5 Kd6 57. Kf1 Bb4 58. Ke2 Ke6 59. Kd3
Kd6 60. Kc4 Ke6 61. Rb5 Be1 62. g5 Bd2 63. Bc3 Be3 64. Rxa5 Nb6+ 65. Kd3 Bf2
66. Bd4 1-0

[Event "SK Turm Euskirchen 1 - SC Bonn Beuel 1"]
[Site "NRW-Klasse - Gruppe 4 2021/20"]
[Date "2021.11.07"]
[Round "1.5"]
[White "Gikas, Andreas Basilius"]
[Black "Hack, Thomas"]
[Result "1-0"]
[WhiteElo "2143"]
[BlackElo "1914"]
[PlyCount "43"]
[EventDate "2021.??.??"]
[SourceVersionDate "2020.03.16"]
[WhiteTeam "SC Bonn Beuel 1"]
[BlackTeam "SK Turm Euskirchen 1"]

1. e4 c5 2. Nf3 d6 3. d4 cxd4 4. Nxd4 Nf6 5. Nc3 a6 6. Bg5 e6 7. Qf3 Be7 8.
O-O-O O-O 9. e5 Ne8 10. Bxe7 Qxe7 11. exd6 Nxd6 12. Bd3 Nd7 13. Kb1 Ne5 14.
Bxh7+ Kxh7 15. Qh5+ Kg8 16. Qxe5 Nc4 17. Nf5 Qg5 18. Qc5 Nd2+ 19. Rxd2 Qxd2 20.
Ne7+ Kh7 21. Ne4 Qh6 22. Ng5+ 1-0

[Event "SK Turm Euskirchen 1 - SC Bonn Beuel 1"]
[Site "NRW-Klasse - Gruppe 4 2021/20"]
[Date "2021.11.07"]
[Round "1.6"]
[White "Blumenthal, Ralf"]
[Black "Rosskothen, Arnd"]
[Result "1/2-1/2"]
[WhiteElo "1825"]
[BlackElo "2060"]
[PlyCount "119"]
[EventDate "2021.??.??"]
[SourceVersionDate "2020.03.16"]
[WhiteTeam "SK Turm Euskirchen 1"]
[BlackTeam "SC Bonn Beuel 1"]

1. e4 e5 2. f4 d5 3. d4 dxe4 4. fxe5 Ne7 5. Nc3 Nf5 6. Nxe4 Qh4+ 7. Nf2 Qxd4 8.
Nf3 Qxd1+ 9. Nxd1 Nc6 10. c3 Bc5 11. Bd3 O-O 12. b4 Bb6 13. b5 Nxe5 14. Nxe5
Re8 15. Bf4 f6 16. Kd2 fxe5 17. Re1 Be6 18. Bxe5 Rad8 19. Kc2 Nd6 20. Nb2 Nf7
21. Bg3 Bd5 22. Rf1 Ne5 23. Bxe5 Rxe5 24. Nc4 Rh5 25. Nxb6 axb6 26. Rf2 Rf8 27.
Rd2 Rxh2 28. c4 Be6 29. Re1 Rf6 30. Kc3 Rh5 31. Be4 Rc5 32. Rd4 c6 33. bxc6
bxc6 34. Kb4 Rf2 35. Bd3 Kf7 36. Bxh7 g5 37. Rde4 Rf4 38. Rxf4+ gxf4 39. Bd3
Ra5 40. a3 Rg5 41. Rf1 Rxg2 42. Rxf4+ Ke7 43. Be4 c5+ 44. Kc3 Rg3+ 45. Rf3
Rxf3+ 46. Bxf3 Kd6 47. Bb7 Bd7 48. Be4 b5 49. cxb5 Bxb5 50. Bf3 Kc7 51. Be4 Kb6
52. Bd5 Ka5 53. Bb3 Bd7 54. Bd1 Be6 55. Bc2 Bd5 56. Bd1 Be6 57. Bc2 Bd5 58. Bd1
Be6 59. Bc2 Bd5 60. Bd1 1/2-1/2

[Event "SK Turm Euskirchen 1 - SC Bonn Beuel 1"]
[Site "NRW-Klasse - Gruppe 4 2021/20"]
[Date "2021.11.07"]
[Round "1.8"]
[White "Adimi, Shahriar"]
[Black "Goergen, Christian"]
[Result "1/2-1/2"]
[WhiteElo "1814"]
[BlackElo "1991"]
[PlyCount "22"]
[EventDate "2021.??.??"]
[SourceVersionDate "2020.03.16"]
[WhiteTeam "SK Turm Euskirchen 1"]
[BlackTeam "SC Bonn Beuel 1"]

1. d4 Nf6 2. Bg5 e6 3. e3 d5 4. Nf3 c5 5. Be2 Qb6 6. Qc1 cxd4 7. exd4 Nc6 8. c3
Bd7 9. O-O Rc8 10. Nbd2 Bd6 11. h3 Ne4 1/2-1/2

[Event "Siegener SV 1 - SV Bergneustadt/Derschl"]
[Site "NRW-Klasse - Gruppe 4 2021/20"]
[Date "2021.11.07"]
[Round "1.1"]
[White "Stuemer, Paul"]
[Black "Richter, Gerald"]
[Result "1-0"]
[WhiteElo "2007"]
[BlackElo "1959"]
[Annotator "daniel"]
[PlyCount "71"]
[EventDate "2021.??.??"]
[SourceVersionDate "2020.03.16"]
[WhiteTeam "SV Bergneustadt/Derschlag 1"]
[BlackTeam "Siegener SV 1"]

1. Nf3 d5 2. e3 Nf6 3. c4 c6 4. Nc3 Nbd7 5. Qc2 g6 6. b3 Bg7 7. Bb2 O-O 8. Be2
b6 9. O-O Bb7 10. Rac1 Rc8 11. Qb1 a6 12. Rfd1 e5 13. cxd5 cxd5 14. d4 e4 15.
Ne5 Qe7 16. Na4 Nxe5 17. dxe5 Nd7 18. Bg4 Rxc1 19. Qxc1 Nxe5 20. Bxe5 Bxe5 21.
Nxb6 Qd6 22. Nd7 Bxh2+ 23. Kh1 Rd8 24. Nc5 Ba8 25. Nxe4 Qc7 26. g3 Qxc1 27.
Rxc1 dxe4 28. Kxh2 Kf8 29. Rc7 Bd5 30. Ra7 Ra8 31. Rd7 Bc6 32. Rc7 Bb5 33. a4
Bd3 34. Bd7 a5 35. Bc6 Ra6 36. Bd5 {ZÜ} 1-0

[Event "Siegener SV 1 - SV Bergneustadt/Derschl"]
[Site "NRW-Klasse - Gruppe 4 2021/20"]
[Date "2021.11.07"]
[Round "1.2"]
[White "Besser, Jochen"]
[Black "Michalik, Friedhelm"]
[Result "1/2-1/2"]
[WhiteElo "1910"]
[BlackElo "2011"]
[PlyCount "53"]
[EventDate "2021.??.??"]
[SourceVersionDate "2020.03.16"]
[WhiteTeam "Siegener SV 1"]
[BlackTeam "SV Bergneustadt/Derschlag 1"]

1. c4 c5 2. Nf3 g6 3. e4 Bg7 4. d4 cxd4 5. Nxd4 Nc6 6. Be3 Nf6 7. Nc3 O-O 8.
Be2 d6 9. O-O Bd7 10. f3 Nxd4 11. Bxd4 Bc6 12. Qd2 a5 13. b3 Nd7 14. Be3 Nc5
15. Rab1 Qb8 16. a3 Rc8 17. b4 axb4 18. axb4 Na4 19. Nxa4 Rxa4 20. Rfc1 Qa8 21.
Bd4 Ra2 22. Rb2 Rxb2 23. Qxb2 Bxd4+ 24. Qxd4 Qa2 25. Bf1 Ra8 26. b5 Be8 27. e5
1/2-1/2

[Event "Siegener SV 1 - SV Bergneustadt/Derschl"]
[Site "NRW-Klasse - Gruppe 4 2021/20"]
[Date "2021.11.07"]
[Round "1.3"]
[White "Wang, Andre"]
[Black "Lindner, Torsten"]
[Result "1-0"]
[WhiteElo "1976"]
[BlackElo "1893"]
[PlyCount "60"]
[EventDate "2021.??.??"]
[SourceVersionDate "2020.03.16"]
[WhiteTeam "SV Bergneustadt/Derschlag 1"]
[BlackTeam "Siegener SV 1"]

1. d4 d5 2. Nf3 Nf6 3. Bf4 e6 4. e3 Bd6 5. Ne5 O-O 6. Nd2 b6 7. Bd3 Bb7 8. Qf3
Nbd7 9. g4 Ne8 10. g5 f5 11. gxf6 Nexf6 12. Rg1 Bxe5 13. dxe5 Ne4 14. Qg2 Rf7
15. Nxe4 dxe4 16. Bc4 Qe7 17. O-O-O Kh8 18. Bg5 Qe8 19. Bf4 Nc5 20. Qg5 a5 21.
Rd4 Bc6 22. Be2 Qe7 23. Qg3 Qf8 24. h4 h6 25. Qg6 Rxf4 26. exf4 Qxf4+ 27. Kb1
Qxe5 28. c3 e3 29. f3 Rf8 30. Rgd1 Be8 1-0

[Event "Siegener SV 1 - SV Bergneustadt/Derschl"]
[Site "NRW-Klasse - Gruppe 4 2021/20"]
[Date "2021.11.07"]
[Round "1.4"]
[White "Besser, Axel"]
[Black "Linnenborn, Guido"]
[Result "0-1"]
[WhiteElo "1852"]
[BlackElo "1880"]
[PlyCount "80"]
[EventDate "2021.??.??"]
[SourceVersionDate "2020.03.16"]
[WhiteTeam "Siegener SV 1"]
[BlackTeam "SV Bergneustadt/Derschlag 1"]

1. d4 Nf6 2. c4 g6 3. Nc3 Bg7 4. e4 d6 5. h3 e5 6. d5 a5 7. Be3 Na6 8. Nf3 Nd7
9. Bd3 Ndc5 10. g4 h5 11. g5 Bd7 12. Bc2 Qc8 13. Ng1 O-O 14. f3 Qe8 15. Qd2 b5
16. cxb5 Bxb5 17. Rb1 Bd7 18. Nge2 f6 19. gxf6 Rxf6 20. Ng1 Qf7 21. Qg2 Rf8 22.
Bg5 Nb4 23. Bxf6 Qxf6 24. Kd1 Nbd3 25. Bxd3 Nxd3 26. Qd2 Nf4 27. Kc2 Bh6 28.
Qf2 Rb8 29. Rd1 Qd8 30. Nge2 Qc8 31. Nxf4 exf4 32. h4 Qb7 33. Rb1 Bg7 34. Qd2
Be5 35. Rhg1 Kh7 36. Qg2 Be8 37. Qg5 c6 38. dxc6 Qxc6 39. Qe7+ Bg7 40. Rgd1
Rxb2+ 0-1

[Event "Siegener SV 1 - SV Bergneustadt/Derschl"]
[Site "NRW-Klasse - Gruppe 4 2021/20"]
[Date "2021.11.07"]
[Round "1.5"]
[White "Blab, Ludwig"]
[Black "Wallasch, Thomas"]
[Result "1-0"]
[WhiteElo "1929"]
[BlackElo "1831"]
[PlyCount "105"]
[EventDate "2021.??.??"]
[SourceVersionDate "2020.03.16"]
[WhiteTeam "SV Bergneustadt/Derschlag 1"]
[BlackTeam "Siegener SV 1"]

1. c4 Nf6 2. d4 e6 3. Nc3 d5 4. e3 c5 5. Nf3 Nc6 6. b3 Be7 7. Bb2 O-O 8. Be2
Ne4 9. O-O f5 10. Ne5 cxd4 11. exd4 Qa5 12. cxd5 exd5 13. Nxd5 Bd6 14. Bc4 Kh8
15. Qh5 Bxe5 16. dxe5 Be6 17. Nf4 Bxc4 18. bxc4 Kg8 19. Nd5 Rae8 20. Qe2 Qd2
21. Rfe1 Qxe2 22. Rxe2 Rf7 23. f3 Nc5 24. Rd1 Ne6 25. f4 b6 26. Ba3 h6 27. Kf2
Kh7 28. g3 Rc8 29. Rc2 Na5 30. Ne3 Nb7 31. Rcd2 Nbc5 32. Kf3 g6 33. Rd6 Kg7 34.
h3 Rcc7 35. Nd5 Rcd7 36. Nf6 Rb7 37. R1d5 g5 38. Bc1 gxf4 39. gxf4 Nc7 40. Rd8
Rxf6 41. exf6+ Kxf6 42. Rd1 N7e6 43. Rh8 Kg7 44. Bb2+ Kg6 45. Rd6 Re7 46. Be5
Nd7 47. h4 Nxe5+ 48. fxe5 Kg7 49. Rc8 h5 50. a4 Nf8 51. Kf4 Ng6+ 52. Rxg6+ Kxg6
53. Rc6+ 1-0

[Event "Siegener SV 1 - SV Bergneustadt/Derschl"]
[Site "NRW-Klasse - Gruppe 4 2021/20"]
[Date "2021.11.07"]
[Round "1.6"]
[White "Scholl, Eckhard"]
[Black "Sailer, Hans-Peter"]
[Result "1/2-1/2"]
[WhiteElo "1898"]
[BlackElo "1810"]
[PlyCount "34"]
[EventDate "2021.??.??"]
[SourceVersionDate "2020.03.16"]
[WhiteTeam "Siegener SV 1"]
[BlackTeam "SV Bergneustadt/Derschlag 1"]

1. Nf3 Nf6 2. g3 d5 3. c4 e6 4. Bg2 Be7 5. O-O O-O 6. b3 b6 7. Bb2 Bb7 8. Ne5
Nbd7 9. d4 Qc8 10. Nc3 c5 11. Nxd7 Qxd7 12. dxc5 bxc5 13. cxd5 exd5 14. Qd3 d4
15. Ne4 Bxe4 16. Bxe4 Nxe4 17. Qxe4 Rfe8 1/2-1/2

[Event "Siegener SV 1 - SV Bergneustadt/Derschl"]
[Site "NRW-Klasse - Gruppe 4 2021/20"]
[Date "2021.11.07"]
[Round "1.7"]
[White "Chlechowitz, Maximilian"]
[Black "Pramann, Juergen"]
[Result "1-0"]
[WhiteElo "1686"]
[BlackElo "1663"]
[PlyCount "87"]
[EventDate "2021.??.??"]
[SourceVersionDate "2020.03.16"]
[WhiteTeam "SV Bergneustadt/Derschlag 1"]
[BlackTeam "Siegener SV 1"]

1. d4 d5 2. Nf3 Nf6 3. e3 c5 4. c3 Bf5 5. dxc5 Nc6 6. b4 e6 7. Bb5 Nd7 8. Qa4
a5 9. Bxc6 bxc6 10. Qxc6 axb4 11. cxb4 Qb8 12. a3 Ra7 13. Nc3 Bd3 14. Nd4 Ra6
15. Qxa6 Bxa6 16. c6 Ne5 17. b5 Bc8 18. Rb1 Nd3+ 19. Ke2 Nxc1+ 20. Rhxc1 e5 21.
Nf3 Bxa3 22. Rc2 Bf5 23. Rcb2 Bxb1 24. Rxb1 d4 25. Nd5 Qd6 26. c7 O-O 27. e4
Qg6 28. Nd2 Qxg2 29. b6 Bc5 30. b7 d3+ 31. Kxd3 Qxf2 32. b8=Q Qd4+ 33. Kc2 Qa4+
34. Rb3 Qa6 35. Qb7 Qa2+ 36. Kd3 Qa1 37. c8=Q Qd4+ 38. Kc2 g6 39. Qcd7 Qa1 40.
Rb1 Qa2+ 41. Qb2 Qa6 42. Qxe5 Rc8 43. Qxc8+ Qxc8 44. Rb8 1-0

[Event "Siegener SV 1 - SV Bergneustadt/Derschl"]
[Site "NRW-Klasse - Gruppe 4 2021/20"]
[Date "2021.11.07"]
[Round "1.8"]
[White "Kellerhoff, Joerg"]
[Black "Stahlschmidt, Timo"]
[Result "1/2-1/2"]
[WhiteElo "1635"]
[BlackElo "1383"]
[PlyCount "87"]
[EventDate "2021.??.??"]
[SourceVersionDate "2020.03.16"]
[WhiteTeam "Siegener SV 1"]
[BlackTeam "SV Bergneustadt/Derschlag 1"]

1. c4 d6 2. g3 g6 3. Bg2 Bg7 4. Nc3 e6 5. e4 e5 6. Nge2 Be6 7. d3 Ne7 8. O-O a5
9. a3 Na6 10. Rb1 Qd7 11. Re1 Bh3 12. Bh1 h5 13. f3 Nc5 14. Kf2 f6 15. b4 Ne6
16. Ng1 Nd4 17. Nxh3 Qxh3 18. Bg2 Qd7 19. Be3 axb4 20. axb4 g5 21. Bxd4 exd4
22. Ne2 c5 23. f4 Nc6 24. b5 Nb4 25. Nxd4 gxf4 26. Nf5 fxg3+ 27. hxg3 O-O-O 28.
Rh1 Qf7 29. Ra1 Kc7 30. Ra7 Kb8 31. Ra3 Kc7 32. Qa4 Ra8 33. b6+ Kxb6 34. Qb5+
Kc7 35. Rha1 Rxa3 36. Rxa3 Nc6 37. Rb3 Rb8 38. Bh3 b6 39. Bg2 Ne5 40. Qa6 Bf8
41. Ne3 Ng4+ 42. Ke2 Nxe3 43. Kxe3 Qe6 44. Qa7+ 1/2-1/2

[Event "Hellertaler SF 1 - SG Solingen 4"]
[Site "NRW-Klasse - Gruppe 4 2021/20"]
[Date "2021.11.07"]
[Round "1.1"]
[White "Blasek, Ralph"]
[Black "Rahimi, Rahim"]
[Result "0-1"]
[WhiteElo "2088"]
[BlackElo "2080"]
[PlyCount "62"]
[EventDate "2021.??.??"]
[SourceVersionDate "2020.03.16"]
[WhiteTeam "SG Solingen 4"]
[BlackTeam "Hellertaler SF 1"]

1. e4 c6 2. Nf3 g6 3. d4 Bg7 4. Bd3 d6 5. h3 Nf6 6. Nc3 a6 7. Qe2 Qc7 8. Bf4
Qb6 9. O-O Nbd7 10. a4 Nh5 11. Be3 Qc7 12. Bg5 e5 13. g4 Nhf6 14. dxe5 dxe5 15.
Qe3 h5 16. Bxf6 Bxf6 17. g5 Be7 18. Nh2 Nc5 19. h4 Ne6 20. Ne2 f6 21. gxf6 Bxf6
22. Qg3 g5 23. Kh1 Qe7 24. hxg5 Nxg5 25. f4 Nf7 26. Qg6 Bh3 27. fxe5 Bxe5 28.
Bc4 Bxf1 29. Rxf1 Rf8 30. Rxf7 Rxf7 31. Qg8+ Rf8 0-1

[Event "Hellertaler SF 1 - SG Solingen 4"]
[Site "NRW-Klasse - Gruppe 4 2021/20"]
[Date "2021.11.07"]
[Round "1.2"]
[White "Mueller, Sven"]
[Black "Fichtner, Ewald"]
[Result "0-1"]
[WhiteElo "1968"]
[BlackElo "2048"]
[PlyCount "70"]
[EventDate "2021.??.??"]
[SourceVersionDate "2020.03.16"]
[WhiteTeam "Hellertaler SF 1"]
[BlackTeam "SG Solingen 4"]

1. e4 c6 2. d4 d5 3. exd5 cxd5 4. c4 Nf6 5. Nc3 Nc6 6. Bg5 dxc4 7. d5 Ne5 8.
Qd4 h6 9. Bf4 Ng6 10. Be3 e5 11. Qxc4 Bd7 12. Qb3 Nh4 13. Rd1 Nf5 14. Bc4 Nd6
15. Nf3 Nxc4 16. Qxc4 Bd6 17. h3 a6 18. O-O Qe7 19. Nd2 b5 20. Qd3 b4 21. Nce4
Nxe4 22. Qxe4 f5 23. Qf3 O-O 24. Nc4 e4 25. Qe2 f4 26. Nxd6 f3 27. Qc2 Qxd6 28.
Qxe4 Rae8 29. Qh4 fxg2 30. Kxg2 Qg6+ 31. Qg3 Qe4+ 32. Kh2 Rf3 33. Rd4 Rxg3 34.
Rxe4 Rxh3+ 35. Kg2 Rxe4 0-1